Instructor's Manual, Test Bank, and Transparency Masters Investments

Gespeichert in:
Bibliographische Detailangaben
1. Verfasser: Reilly, Frank K.
Format: Buch
Sprache:Englisch
Veröffentlicht: Fort Worth Harcourt Brace Jovanovich 1992
Ausgabe:3. ed.
Schlagworte:
Tags: Tag hinzufügen
Keine Tags, Fügen Sie das erste Tag hinzu!

MARC

LEADER 00000nam a2200000 4500
001 c010079
005 20221221080218.2
020 |a 0-03-032664-8 
041 0 |a eng 
044 |a US 
245 1 0 |a Instructor's Manual, Test Bank, and Transparency Masters Investments  |c Frank K. Reilly 
250 |a 3. ed. 
264 1 |a Fort Worth  |b Harcourt Brace Jovanovich  |c 1992 
610 2 0 |a investície 
610 2 0 |a trh peňažný 
610 2 0 |a portfólio 
610 2 0 |a analýza fundamentálna 
610 2 0 |a spoločnosti investičné 
610 2 0 |a manažment finančný 
610 2 0 |a trh kapitálový 
100 1 |a Reilly, Frank K.